<?xml version="1.0" encoding="UTF-8"?>
<record
    xmlns:xsi="http://www.w3.org/2001/XMLSchema-instance"
    xsi:schemaLocation="http://www.loc.gov/MARC21/slim http://www.loc.gov/standards/marcxml/schema/MARC21slim.xsd"
    xmlns="http://www.loc.gov/MARC21/slim">

  <leader>02268    a2200241   4500</leader>
  <controlfield tag="001">176</controlfield>
  <controlfield tag="005">20260407155414.0</controlfield>
  <controlfield tag="008">260407a1996    arg                 spa d</controlfield>
  <controlfield tag="003">AR-UNSa-BCEJYS</controlfield>
  <datafield tag="040" ind1=" " ind2=" ">
    <subfield code="a">AR-UNSa-BCEJYS</subfield>
    <subfield code="b">spa</subfield>
    <subfield code="c">AR-UNSa-BCEJYS</subfield>
  </datafield>
  <datafield tag="080" ind1=" " ind2=" ">
    <subfield code="a">347.74</subfield>
    <subfield code="x">Contratos mercantiles (comerciales...leasing))</subfield>
  </datafield>
  <datafield tag="245" ind1="1" ind2="0">
    <subfield code="a">Manual pr&#xE1;ctico de contrataci&#xF3;n comercial</subfield>
  </datafield>
  <datafield tag="020" ind1=" " ind2=" ">
    <subfield code="a">978-950-739-451-5</subfield>
  </datafield>
  <datafield tag="264" ind1=" " ind2="1">
    <subfield code="a">Buenos Aires :</subfield>
    <subfield code="b">Errepar</subfield>
    <subfield code="c">1996</subfield>
  </datafield>
  <datafield tag="300" ind1=" " ind2=" ">
    <subfield code="a">2 v. (626 ; 613 p.)</subfield>
    <subfield code="c">27 cm.</subfield>
  </datafield>
  <datafield tag="505" ind1=" " ind2=" ">
    <subfield code="a">Vol. I: 1. Aspectos generales - 2. Agencia - 3. Ahorro por c&#xED;rculo cerrado para fines determinados. Compra de automotores - 4. Alquileres - 5. Artistas - 6. Automotores - 7. Aval - 8. Cesi&#xF3;n de cr&#xE9;ditos y bienes - 9. Compraventas maritimas - 10. Compraventa mercantil - 11. Compraventa de un avi&#xF3;n - 12. Adquisici&#xF3;n de una demolici&#xF3;n - 13. Conseci&#xF3;n comercial - 14. Concesi&#xF3;n de espacios - 15. Consiganci&#xF3;n o contrato estimatorio - 16. Contrato de consesi&#xF3;n para embotellador exclusivo - 17. Construcciones - 18. Corredores - 19. Countries (Clubes campestres) - 20. Distribuci&#xF3;n - 21. Contratos de edici&#xF3;n -- Vol. II: 22. Emprendimientos industriales "llave en mano" - 23. Factoring - 24. Fianza y carta de cr&#xE9;dito - 25. Fideicomiso - 26. Fletamento de aeronaves - 27. Franquicia (Franchising) - 28. Garajes - 29. Internaci&#xF3;n en institutos geri&#xE1;tricos - 30. Leasing - 31. Mandato comercial - 32. Marcas y patentes - 33. Martilleros - 34. Mutuo - 35. Permuta - 36. Prenda - 37. Prestamo de uso o comodato - 38. Propiedad horizontal - 39. Contratos publicitarios - 40. Contrato de remolque - 41. Contrato de riesgo - 42. Contratos rurales - 43. Seguro de cauci&#xF3;n - 44. Servicios m&#xE9;dicos - 45. Servicios para congresos internacionales - 46. Contrato de provisi&#xF3;n de material (suministro comercial) - 47. Tarjeta de cr&#xE9;dito - 48. Transferencia de fondos de comercio - 49. Contrato de transporte en general - 50. Contratos de transferencia de tecnolog&#xED;a - 51. Turismo - 52. Contrato de underwriting - 53. Uni&#xF3;n transitoria de empresas - </subfield>
  </datafield>
  <datafield tag="041" ind1=" " ind2=" ">
    <subfield code="a">spa</subfield>
  </datafield>
  <datafield tag="942" ind1=" " ind2=" ">
    <subfield code="c">BK</subfield>
  </datafield>
  <datafield tag="590" ind1=" " ind2=" ">
    <subfield code="a">niveau_biblio:m niveau_hierar:0</subfield>
  </datafield>
  <datafield tag="100" ind1="1" ind2=" ">
    <subfield code="a">Fernandez Madrid, Horacio</subfield>
  </datafield>
  <datafield tag="700" ind1="1" ind2=" ">
    <subfield code="a">Fern&#xE1;ndez Madrid, Juan Carlos</subfield>
  </datafield>
  <datafield tag="700" ind1="1" ind2=" ">
    <subfield code="a">Caubet, Amanda Beatriz</subfield>
  </datafield>
  <datafield tag="999" ind1=" " ind2=" ">
    <subfield code="c">136</subfield>
    <subfield code="d">136</subfield>
  </datafield>
  <datafield tag="952" ind1=" " ind2=" ">
    <subfield code="0">0</subfield>
    <subfield code="1">0</subfield>
    <subfield code="4">0</subfield>
    <subfield code="7">0</subfield>
    <subfield code="a">BCEJYS</subfield>
    <subfield code="b">BCEJYS</subfield>
    <subfield code="c">16</subfield>
    <subfield code="d">2026-04-07</subfield>
    <subfield code="l">0</subfield>
    <subfield code="o">347.74 F362 v.1</subfield>
    <subfield code="p">L117467</subfield>
    <subfield code="r">2026-04-07 15:54:14</subfield>
    <subfield code="w">2026-04-07</subfield>
    <subfield code="y">L</subfield>
  </datafield>
  <datafield tag="952" ind1=" " ind2=" ">
    <subfield code="0">0</subfield>
    <subfield code="1">0</subfield>
    <subfield code="4">0</subfield>
    <subfield code="7">0</subfield>
    <subfield code="a">BCEJYS</subfield>
    <subfield code="b">BCEJYS</subfield>
    <subfield code="c">16</subfield>
    <subfield code="d">2026-04-07</subfield>
    <subfield code="l">0</subfield>
    <subfield code="o">347.74 F362 v.2</subfield>
    <subfield code="p">L117468</subfield>
    <subfield code="r">2026-04-07 15:54:14</subfield>
    <subfield code="w">2026-04-07</subfield>
    <subfield code="y">L</subfield>
  </datafield>
</record>
